Quizzes
Events
Quiz Creation
Community
Videos
Private Events
Remove Ads
Sign In
Join for FREE
Feedback
Dark Mode
Quiz Categories
Sports
Geography
Music
Movies
Television
Just For Fun
Miscellaneous
History
Literature
Language
Science
Gaming
Entertainment
Religion
Holiday
For Kids
Quiz Lab
Recent
Popular Today
Quiz Kudos Today
Editor Picks
Curator Picks
Quizzes by...
Day
Popularity
Type
Ratings
Length
Year
Community
Subscriptions
Recent Discussions
Orange Saloon
Badges
Playlists
Quests
Create
Leaderboards
Showdown
Live 5
Trivia Bingo
Activity
Puzzle Library
Sporcle Events
Private Events
Virtual Trivia
Globe League
Become a Host
Pub Owners
SporcleCon
Opinionation
Our Games
Videos
Blog
Mobile Apps
Partnerships
Remove Ads and Go Orange
Feedback
Music
Pop Music
The Beatles
Song
Album
Lyrics
Bands
Singers
Artist
Clip
Rock
Rap
Classical
Billboard
Country Music
Kpop
Taylor Swift
Music
Pop Music
The Beatles
Song
Album
Lyrics
Bands
Singers
Artist
Clip
Rock
Rap
Classical
Billboard
Country Music
Kpop
Taylor Swift
Random Quiz
Search Sporcle
×
Quiz Lab
Quiz Lab
Music
Song
Type in answers that appear in a list
Type in answers that appear in a list
Classic
Best Score? Go Orange.
Avenged Sevenfold Songs Stats
Can you name the Avenged Sevenfold Songs?
By
kheartsfan96
10m
70 Questions
128 Plays
128 Plays
128 Plays
Comments
Comments
Give Quiz Kudos
Give Quiz Kudos
-
- Ratings
hide this ad
More Info
Random Order
Randomize order of answers
Randomize order of answers
Replay
Link that replays current quiz
Next Quiz
Link to next quiz in quiz playlist
You Got
0%
They Got
Avg Score
47%
Avg Friend Score
Upgrade to see
Score Distribution
Jump to the score distribution portion of the page
Score
0/70
Timer
10:00
0
Plays Today
% Correct
Nightmare
93%
Welcome to the Family
82.8%
Buried Alive
78.1%
Danger Line
76.6%
75%
75%
God Hates Us
74.2%
Bat Country
74.2%
Afterlife
74.2%
Fiction
73.4%
Save Me
72.7%
Almost Easy
72.7%
Lost
72.7%
So Far Away
69.5%
Beast and the Harlot
69.5%
Critical Acclaim
68.8%
A Little Piece of Heaven
68%
Victim
67.2%
Dear God
67.2%
Natural Born Killer
66.4%
Unholy Confessions
64.8%
Seize the Day
64.1%
Scream
64.1%
Waking the Fallen
61.7%
Tonight the World Dies
59.4%
M.I.A
58.6%
Blinded in Chains
56.3%
Gunslinger
55.5%
Sidewinder
53.9%
Burn it Down
53.1%
Brompton Cocktail
51.6%
Chapter Four
50.8%
Trashed and Scattered
50%
Second Heartbeat
49.2%
Betrayed
49.2%
% Correct
Unbound (The Wild Ride)
46.9%
Streets
46.1%
Strength of the World
44.5%
The Wicked End
43.8%
Walk
41.4%
Warmness on the Soul
39.1%
Remenissions
39.1%
And All Things Will End
37.5%
Demons
36.7%
Girl I Know
35.2%
Crossroads
35.2%
Dancing Dead
33.6%
Lips of Deceit
28.9%
Eternal Rest
28.9%
Radiant Eclipse
28.1%
Clairvoyant Disease
28.1%
We Come Out at Night
26.6%
Shattered by Broken Dreams
26.6%
Flash of the Blade
25.8%
Tension
25%
Darkness Surrounding
24.2%
Forgotten Faces
24.2%
Until the End
24.2%
Turn the Other Way
23.4%
Desecrate Through Reverance
21.9%
The Fight
21.9%
Breaking Their Hold
21.1%
Thick and Thin
21.1%
I Won't See You Tonight (Part 1)
19.5%
I Won't See You Tonight (Part 2)
19.5%
Art of Subconcious Illusion
16.4%
Epic of Time Wasted
16.4%
Afterlife (Alternate Version
14.8%
Almost Easy (CLA Mix)
14.1%
The End to Rapture
12.5%
Quiz Playlist
Details
Report
Send in Message
Add To Playlist
More Info:
simple enough, if youre a true fan
Classic:
Type in answers that appear in a list
Random Order:
Randomize order of answers
Last Updated: Feb 16, 2017
Quiz Scoreboard
CHALLENGE
Sign Up to Join the Scoreboard
Show All
Scores
Hide
Comments
May contain spoilers
Recently Published
Click the 1999 NBA Draft
by nibperrychub
Sports
2m
Alphabetical 'K' Countries by Flag Minefield
by ylime102
Geography
3m
Pick 6: Fruits
by JohnFran
Miscellaneous
15s
More to Explore
Quiz From the Vault
Featured Blog Post
15 Basketball Trivia Facts You Can Be March Mad About
hide this ad
You Might Also Like...
Tags
Song Quiz
Avenged
Avenged Sevenfold
Sevenfold
Today's Top Quizzes in Music
Browse Music
hide this ad
Today's Top Quizzes in Song
Browse Song
Top Contributed Quizzes in Music
1
KPOP LOGIC QUIZ
2
Taylor Swift All Songs (2024)
3
NCT 2020 Logic Puzzle
4
Taylor Swift Logic Puzzle
5
Lana Del Rey songs - match the song with the album
6
Taylor Swift: Logic Puzzle
7
Guess The Taylor Swift Lyrics Song #1
8
Joni Mitchell—'Car on a Hill' Lyrics
9
kpop group name match up
10
Guess the Taylor Swift song (Mystery Song)
Explore More
Trending Topics
Marvel
Harry Potter
Kpop
Crossword
Disney
Anime
NBA
Country
Soccer
The Office
Pokémon
NFL
Puzzle
Song
WWE
hide this ad
More By:
kheartsfan96
Quiz
Plays
Rating
Category
Featured
Created
Avenged Sevenfold Songs
128
Music
Aug 9, 2010
Go to Creator's Profile
Score Distribution
Quiz Creator Spotlight
kheartsfan96
Follow
Send a Message
Quizzes Created
-
Created Quiz Play Count
-
More By This Creator
Popular Quizzes Today
1
Find the US States - No Outlines Minefield
2
Countries of Asia Without Outlines Minefield
3
Pick 6: Fruits
4
Alphabetical 'K' Countries by Flag Minefield
5
The Countries of the World
6
Click the 1999 NBA Draft
7
Find the US States
8
Match the Book to the Film X
More Music Quizzes
Who's Who in Taylor Swift's Bad Blood Music Video?
Editor's Pick
Trending Quizzes
Pick 6: Harry Potter
Pick 6: Golfers
Pick 6: Movie Franchises
Pick 6: Foods
Pick 6: Landmarks
Recently Updated
Women's Final Four Teams by Year
bhenderson79
Presidents Quartet II
eogle
Anything But Clue(do)
eogle
Anything But Oceanian Capitals
eogle
Anything But 7
eogle
Anything But Thing
eogle
Word Ladder: February 29
pecheneg
Song Title Questions
pecheneg
Women's NCAA Tournament #1 Seeds
pecheneg
Celebrity Mug Shots
pecheneg
Trending Topics
Crossword
Anime
Marvel
Harry Potter
Kpop
Disney
NBA
Country
Song
NFL
Soccer
Pokémon
Puzzle
The Office
WWE
Your Account Isn't Verified!
In order to create a playlist on Sporcle, you need to verify the email address you used during registration. Go to your
Sporcle Settings
to finish the process.
Report this User
Report this user for behavior that violates our
Community Guidelines
.
Details:
Send Report
Go to the Sporcle.com Mobile Site →
Comments